000 00582nam a2200229 4500
001 2653545
005 20180223083301.0
008 720523s1972 njua b 001 0 eng
010 _a 70038907
020 _a0132220679
040 _aDLC
_cDLC
_dDLC
041 _aeng
080 _a370.152 ROB
082 0 0 _a370.152 ROB
100 1 _a27
101 _aIM
245 1 4 _aThe dynamics of motor-skill acquisition
_c[by] Margaret D. Robb.
350 _a$6.95
504 _aBibliography: p. 163-168.
906 _a7
_bcbc
_corignew
_d2
_eocip
_f19
_gy-gencatlg
942 _2ddc
_cBK
999 _c43315
_d43315